| 000 | 00541nam a2200169 a 4500 | ||
|---|---|---|---|
| 001 | 000040499 | ||
| 005 | 20201002034154.0 | ||
| 008 | 130826s2006 mx 000 0 spa d | ||
| 020 | _a9703201407 | ||
| 040 |
_aDO-SdBNP _bspa _cBNPHU |
||
| 100 | 1 |
_aMoreno Díaz, Daniel _966808 |
|
| 245 | 1 | 3 |
_aEl constitucionalismo mexicano en el siglo XIX / _cDaniel Moreno Díaz. |
| 260 |
_aMéxico : _bUniversidad Autónoma de México, _c2006. |
||
| 300 |
_a29 p. ; _c22 cm. |
||
| 490 | 1 |
_aEstudios jurídicos _v27 |
|
| 830 | 0 |
_aEstudios jurídicos _n27 _966809 |
|
| 999 |
_c39989 _d39989 |
||